000
00273nam a22001217a 4500
008
181022b xxu||||| |||| 00| 0 eng d
041
_a
eng
080
_a
572
100
_a
22
101
_a
ANT
245
_a
Road Through The Rain Forest
_c
David M.H
942
_2
udc
_c
BK
999
_c
50437
_d
50437